[Event "Players CUP 2008 <1600 DIVISION 2"]
[Site "SchemingMind.com"]
[Date "2008.07.13"]
[Round "-"]
[White "palomo"]
[Black "alvaro"]
[Result "0-1"]
[WhiteCountry "ARG"]
[BlackCountry "URU"]
[WhiteElo "1509"]
[WhiteRD "105"]
[BlackElo "1786"]
[BlackRD "98"]
[GameID "163203"]

1. e4 e5 2. Nf3 Nc6 3. Bb5 Nge7 4. c3 g6 5. O-O a6 6. Ba4 Bg7 7. d3 O-O 8. Nbd2 b5 9. Bc2 f5 10. Re1 f4
11. Nf1 d6 12. h3 Bh6 13. N1h2 Kg7 14. Ng4 Bxg4 15. hxg4 g5 16. d4 Ng8 17. Bb3 Nf6 18. Nh2 Qd7 19. f3 Na5 20. dxe5 dxe5
21. Qxd7+ Nxd7 22. Bc2 Kf7 23. a4 c6 24. axb5 axb5 25. b4 Nb7 26. Bb2 Bg7 27. Kf2 Nb6 28. Bb3+ Kf6 29. Nf1 Rfd8 30. g3 Bf8
31. Red1 Rxa1 32. Rxd8 Rxf1+ 33. Kxf1 Nxd8 34. gxf4 gxf4 35. Ke2 c5 36. bxc5 Bxc5 37. Kd3 Ne6 38. g5+ Nxg5 39. Ke2 h5 40. Kf1 Nxf3
41. Kg2 Nd2 42. Bg8 f3+ 43. Kg3 f2 44. Bc1 f1=Q 45. Bxd2 Qf2+
0-1

[Event "Players CUP 2008 <1600 DIVISION 2"]
[Site "SchemingMind.com"]
[Date "2008.07.13"]
[Round "-"]
[White "Artur"]
[Black "alvaro"]
[Result "1/2-1/2"]
[WhiteCountry "POL"]
[BlackCountry "URU"]
[WhiteElo "1734"]
[WhiteRD "123"]
[BlackElo "1818"]
[BlackRD "117"]
[GameID "163204"]

1. e4 e5 2. Nf3 Nc6 3. Bc4 h6 4. d4 exd4 5. Nxd4 Bc5 6. Bxf7+ Kxf7 7. Qh5+ g6 8. Qxc5 d6 9. Qd5+ Kf8 10. Nxc6 bxc6
11. Qxc6 Bd7 12. Qc3 Rh7 13. O-O Bb5 14. Rd1 Qf6 15. e5 Qxe5 16. Re1 Qxc3 17. Nxc3 Bc6 18. h4 a6 19. Be3 Ne7 20. g4 Nd5
21. Nxd5 Bxd5 22. b3 Bf3 23. g5 h5 24. c4 Rb8 25. Bf4 Rf7 26. Bg3 Kg7 27. Re3 Kf8 28. Rae1 Bc6 29. Re6 Re8 30. Rxe8+ Bxe8
31. Re6 Rf3 32. c5 Kf7 33. Re3 Rxe3 34. fxe3 Ke6 35. cxd6 cxd6 36. Kf2 Bc6 37. b4 Be4 38. a4 Bc6 39. a5 d5 40. Ke2 Bb5+
41. Kd2 Kf5 42. Kc3 Ke4 43. Kd2 Bc4 44. Bf4 Kf3 45. Kc3 Ke4 46. Bg3 Bb5 47. Kd2=
1/2-1/2

[Event "Players CUP 2008 <1600 DIVISION 2"]
[Site "SchemingMind.com"]
[Date "2008.07.13"]
[Round "-"]
[White "mochiron"]
[Black "jtrochez1"]
[Result "1-0"]
[WhiteCountry "JPN"]
[BlackCountry "HON"]
[WhiteElo "1556"]
[WhiteRD "115"]
[BlackElo "1488"]
[BlackRD "57"]
[GameID "163252"]

1. f4 d5 2. Nf3 Nf6 3. e3 Nc6 4. a3 Bd7 5. Be2 e6 6. O-O Bd6 7. d4 h6 8. b4 O-O 9. Nc3 Ne7 10. Ne5 Bxe5
11. fxe5 Ne4 12. Bf3 Nxc3 13. Qd3 Na4 14. e4 a6 15. exd5 exd5 16. Bxh6 gxh6 17. Bh5 Bb5 18. Qg3+ Kh8 19. Rf6 Rg8 20. Rxh6#
1-0

[Event "Players CUP 2008 <1600 DIVISION 2"]
[Site "SchemingMind.com"]
[Date "2008.07.13"]
[Round "-"]
[White "mochiron"]
[Black "iain"]
[Result "1-0"]
[WhiteCountry "JPN"]
[BlackCountry "USA"]
[WhiteElo "1471"]
[WhiteRD "94"]
[BlackElo "1450"]
[BlackRD "70"]
[GameID "163253"]

1. c4 d6 2. Nc3 Nf6 3. e4 g6 4. Nf3 Bg7 5. d3 O-O 6. Be3 Nbd7 7. Be2 Ne5 8. Nxe5 dxe5 9. Nd5 e6 10. Nxf6+ Qxf6
11. h4 Qe7 12. h5 f5 13. hxg6 hxg6 14. Bh5 Qf6 15. Bf3 f4 16. Bd2 Kf7 17. Bb4 Rh8 18. Rxh8 Bxh8 19. Kd2 b6 20. Qa4 Bb7
21. Qd7+
1-0

[Event "Players CUP 2008 <1600 DIVISION 2"]
[Site "SchemingMind.com"]
[Date "2008.07.13"]
[Round "-"]
[White "mochiron"]
[Black "scottie"]
[Result "1-0"]
[WhiteCountry "JPN"]
[BlackCountry "ENG"]
[WhiteElo "1556"]
[WhiteRD "115"]
[BlackElo "1453"]
[BlackRD "73"]
[GameID "163254"]

1. e4 e5 2. Bc4 Nf6 3. Nc3 Bc5 4. Nf3 Ng4 5. Bxf7+ Kxf7 6. d4 exd4 7. Nxd4 Bxd4 8. Qxd4 Nc6 9. Qd5+ Kf8 10. O-O Ne7
11. Qg5 d6 12. f3 h6 13. fxg4+ Kg8 14. Qh4 g5 15. Bxg5 hxg5 16. Qxg5+ Kh7 17. Rf7#
1-0

[Event "Players CUP 2008 <1600 DIVISION 2"]
[Site "SchemingMind.com"]
[Date "2008.07.13"]
[Round "-"]
[White "mochiron"]
[Black "cdhardy22"]
[Result "1-0"]
[WhiteCountry "JPN"]
[BlackCountry "USA"]
[WhiteElo "1459"]
[WhiteRD "89"]
[BlackElo "1313"]
[BlackRD "87"]
[GameID "163255"]

1. b4 e5 2. Bb2 f6 3. b5 d5 4. e3 g5 5. Nf3 Qe7 6. Be2 Qc5 7. O-O h5 8. Nxg5 fxg5 9. Bxh5+ Rxh5 10. Qxh5+ Kd8
11. Qxg5+ Be7 12. Qxg8+ Kd7 13. Bxe5 Qxc2 14. Qxd5+ Ke8 15. Na3 Qg6 16. Bxc7 Bh3 17. g3 Bxf1 18. Rxf1 Bxa3 19. Qxb7 Kd7 20. Bxb8+ Ke6
21. Qxa8 Qg7 22. Qc6+ Ke7 23. Qc7+ Kf6 24. Qxg7+ Kxg7 25. Bxa7 Kg6 26. b6 Bd6 27. Rc1 Bb4 28. b7 Bxd2 29. Rc6+ Kf5 30. b8=Q Be1
31. Qf4#
1-0

[Event "Players CUP 2008 <1600 DIVISION 2"]
[Site "SchemingMind.com"]
[Date "2008.07.14"]
[Round "-"]
[White "mochiron"]
[Black "ingbeti"]
[Result "1/2-1/2"]
[WhiteCountry "JPN"]
[BlackCountry "MEX"]
[WhiteElo "1459"]
[WhiteRD "89"]
[BlackElo "1594"]
[BlackRD "78"]
[GameID "163257"]

1. d4 Nf6 2. Bf4 g6 3. Nf3 Bg7 4. e3 c5 5. dxc5 Qa5+ 6. Nc3 O-O 7. Be2 Nc6 8. O-O Qxc5 9. a3 e5 10. Bg5 a6
11. Bxf6 Bxf6 12. Ne4 Qe7 13. c3 b5 14. Nxf6+ Qxf6 15. e4 Rd8 16. c4 bxc4 17. h3 Na5 18. b4 Nb3 19. Bxc4 Nxa1 20. Qxa1 d6
21. Bd5 Ra7 22. Qc3 Bd7 23. Qe3 Rc7 24. Qb6 Rc3 25. Nh2 Rxa3 26. Ng4 Qe7 27. f3 Bxg4 28. fxg4 Kg7 29. Rxf7+ Qxf7 30. Bxf7 Rd7
31. Bd5 Kf6 32. b5 axb5 33. Qxb5 Raa7 34. Qf1+ Kg5 35. h4+ Kxg4 36. Be6+ Kxh4 37. Qf2+ Kg5 38. Qg3+ Kf6 39. Bxd7 Rxd7 40. Qh4+ Kg7
41. g4 d5 42. exd5 Rxd5 43. Qe7+ Kh6 44. Qh4+ Kg7 45. g5 Rd4 46. Qh3 Rd6 47. Qa3 Rd7 48. Qh3=
1/2-1/2

[Event "Players CUP 2008 <1600 DIVISION 2"]
[Site "SchemingMind.com"]
[Date "2008.07.13"]
[Round "-"]
[White "mochiron"]
[Black "palomo"]
[Result "0-1"]
[WhiteCountry "JPN"]
[BlackCountry "ARG"]
[WhiteElo "1459"]
[WhiteRD "89"]
[BlackElo "1509"]
[BlackRD "105"]
[GameID "163258"]

1. f4 d5 2. Nf3 Nf6 3. e3 e6 4. Be2 Be7 5. O-O O-O 6. a3 c5 7. d4 Nbd7 8. dxc5 Bxc5 9. b4 Bb6 10. Bb2 Ne4
11. Nd4 Ndf6 12. Bd3 Bd7 13. Bxe4 Nxe4 14. Nd2 Rc8 15. Nxe4 dxe4 16. Qg4 Qf6 17. Rab1 Qh6 18. Qg5 Qxg5 19. fxg5 e5 20. Nf5 Bxf5
21. Rxf5 Bxe3+ 22. Kf1 Rxc2 23. Bxe5 Rfc8 24. g3 Rxh2 25. Rd1 Rh1+ 26. Ke2 Rc2+
0-1

[Event "Players CUP 2008 <1600 DIVISION 2"]
[Site "SchemingMind.com"]
[Date "2008.07.13"]
[Round "-"]
[White "mochiron"]
[Black "alvaro"]
[Result "0-1"]
[WhiteCountry "JPN"]
[BlackCountry "URU"]
[WhiteElo "1471"]
[WhiteRD "94"]
[BlackElo "1818"]
[BlackRD "117"]
[GameID "163259"]

1. e4 e5 2. Bc4 Nf6 3. d3 h6 4. Nc3 a6 5. Nf3 Nc6 6. a3 b5 7. Bd5 Bd6 8. Bxc6 dxc6 9. b4 Be6 10. O-O g5
11. Be3 g4 12. Nh4 Qd7 13. Nf5 Bxf5 14. exf5 Qxf5 15. Ne4 Nxe4 16. dxe4 Qxe4 17. Bc5 Qg6 18. Bxd6 cxd6 19. f3 h5 20. fxg4 hxg4
21. Qe2 f5 22. Rad1 O-O-O 23. Qf2 f4 24. Qa7 Qh7 25. Qa8+ Kd7 26. Qb7+ Ke6 27. Qxh7 Rxh7 28. Rd3= Rdh8 29. h3 gxh3 30. Rxh3 Rxh3
31. gxh3 Rxh3 32. Rf2 f3
0-1

[Event "Players CUP 2008 <1600 DIVISION 2"]
[Site "SchemingMind.com"]
[Date "2008.07.14"]
[Round "-"]
[White "mochiron"]
[Black "Artur"]
[Result "0-1"]
[WhiteCountry "JPN"]
[BlackCountry "POL"]
[WhiteElo "1459"]
[WhiteRD "89"]
[BlackElo "1843"]
[BlackRD "99"]
[GameID "163260"]

1. c4 e5 2. Nc3 Nf6 3. e4 Bc5 4. d3 Nc6 5. Be3 d6 6. Bxc5 dxc5 7. Nf3 Bg4 8. Be2 O-O 9. Ng5 Bxe2 10. Qxe2 Nd4
11. Qd1 a5 12. Nb5 c6 13. Nxd4 cxd4 14. h4 h6 15. Qf3 Qd7 16. Qg3 Qg4 17. Qxg4 Nxg4 18. Nf3 b5 19. cxb5= cxb5 20. Rc1 Rac8
21. Rxc8 Rxc8 22. Kd2 f6 23. Rf1 b4 24. b3 a4 25. bxa4= Ra8 26. Rb1 Rxa4 27. h5 Nxf2 28. Ne1 Rxa2+ 29. Nc2 Ng4 30. Rxb4 Ne3
31. Rb8+ Kh7 32. Rc8 Nxg2 33. Ke2 Nf4+ 34. Kf3 Nxh5 35. Nb4 Rd2 36. Kg4 Nf4 37. Nd5 Nxd3 38. Rc7 Rg2+ 39. Kf5 Rg5+ 40. Ke6 Nf4+
41. Nxf4 exf4
0-1

[Event "Players CUP 2008 <1600 DIVISION 2"]
[Site "SchemingMind.com"]
[Date "2008.07.13"]
[Round "-"]
[White "jtrochez1"]
[Black "mochiron"]
[Result "1/2-1/2"]
[WhiteCountry "HON"]
[BlackCountry "JPN"]
[WhiteElo "1488"]
[WhiteRD "57"]
[BlackElo "1556"]
[BlackRD "115"]
[GameID "163261"]

1. e4 c6 2. d4 d5 3. e5 Bf5 4. c4 e6 5. a3 c5 6. Be3 dxc4 7. Bxc4 Bxb1 8. Rxb1 Be7 9. Nf3 b6 10. Qa4+ Kf8
11. O-O Nh6 12. dxc5 Bxc5 13. Bxc5+ bxc5 14. Rfd1 Qe7 15. Rd2 g6 16. Rbd1 Kg7 17. Qc2 Qc7 18. Qc3 Nc6 19. Ng5 Qxe5 20. Nf3 Qxc3
21. bxc3 Nf5 22. Rb2 f6=
1/2-1/2

[Event "Players CUP 2008 <1600 DIVISION 2"]
[Site "SchemingMind.com"]
[Date "2008.07.13"]
[Round "-"]
[White "iain"]
[Black "mochiron"]
[Result "0-1"]
[WhiteCountry "USA"]
[BlackCountry "JPN"]
[WhiteElo "1450"]
[WhiteRD "70"]
[BlackElo "1471"]
[BlackRD "94"]
[GameID "163262"]

1. d4 f5 2. c4 Nf6 3. Nc3 d6 4. Bg5 e6 5. e3 Be7 6. Nf3 O-O 7. Bd3 d5 8. cxd5 Nxd5 9. Bxe7 Qxe7 10. O-O Nxc3
11. bxc3 Nc6 12. e4 Bd7 13. e5 Be8 14. a4 Bh5 15. Be2 Bxf3 16. Bxf3 f4 17. Re1 Qg5 18. Qb3 Nd8 19. g3 fxg3 20. hxg3 Rxf3
21. a5 Rxg3+ 22. fxg3 Qxg3+
0-1

[Event "Players CUP 2008 <1600 DIVISION 2"]
[Site "SchemingMind.com"]
[Date "2008.07.13"]
[Round "-"]
[White "scottie"]
[Black "mochiron"]
[Result "1-0"]
[WhiteCountry "ENG"]
[BlackCountry "JPN"]
[WhiteElo "1469"]
[WhiteRD "75"]
[BlackElo "1471"]
[BlackRD "94"]
[GameID "163263"]

1. e4 c6 2. d4 d5 3. e5 Bf5 4. Nc3 e6 5. Bd3 Bb4 6. Bxf5 exf5 7. Bd2 Bxc3 8. Bxc3 Ne7 9. Nf3 Nd7 10. Qd3 c5
11. dxc5 O-O 12. Bd4 Nc6 13. Qxf5 Nxd4 14. Nxd4 Nxc5 15. c3 Ne6 16. Nxe6 fxe6 17. Qxe6+ Kh8 18. O-O Re8 19. Qg4 Rxe5 20. Rae1 Rg5
21. Qf4 h6 22. Re2 Qd7 23. Rfe1 Rf5 24. Qd4 Raf8 25. c4 Qd6 26. Re7 Rh5 27. Qxg7#
1-0

[Event "Players CUP 2008 <1600 DIVISION 2"]
[Site "SchemingMind.com"]
[Date "2008.07.13"]
[Round "-"]
[White "cdhardy22"]
[Black "mochiron"]
[Result "1-0"]
[WhiteCountry "USA"]
[BlackCountry "JPN"]
[WhiteElo "1393"]
[WhiteRD "95"]
[BlackElo "1471"]
[BlackRD "94"]
[GameID "163264"]

1. g4 d5 2. f3 e5 3. d4 Bb4+ 4. c3 Qh4+ 5. Kd2 Bd6 6. f4 exd4 7. Nf3 Qxg4 8. Nxd4 Qxf4+ 9. e3 Qe4 10. Bb5+ Kf8
11. Rg1 Nc6 12. Nf3 Bg4 13. Rf1 Nb4 14. a3 d4 15. cxb4 Qxe3+ 16. Kc2 Bf5+ 17. Bd3 Bxd3+ 18. Kb3 Bxb1+ 19. Bxe3
1-0

[Event "Players CUP 2008 <1600 DIVISION 2"]
[Site "SchemingMind.com"]
[Date "2008.07.14"]
[Round "-"]
[White "ingbeti"]
[Black "mochiron"]
[Result "1-0"]
[WhiteCountry "MEX"]
[BlackCountry "JPN"]
[WhiteElo "1578"]
[WhiteRD "77"]
[BlackElo "1471"]
[BlackRD "94"]
[GameID "163266"]

1. e4 c6 2. d4 d5 3. Nc3 dxe4 4. Nxe4 Bf5 5. Ng3 e6 6. Nf3 Nf6 7. Nxf5 exf5 8. Bd3 Bd6 9. O-O Nbd7 10. Re1+ Kf8
11. Bxf5 g6 12. Bxd7 Qxd7 13. Ne5 Bxe5 14. dxe5 Nd5 15. Qd4 Qe6 16. c4 Nb4 17. Re2 h6 18. Qd6+ Qxd6 19. exd6 Nd3 20. Be3 Rd8
21. c5 Nxb2 22. Rxb2 Rd7 23. Rab1 b6 24. cxb6 Rxd6 25. bxa7 Kg7 26. Rb8
1-0

[Event "Players CUP 2008 <1600 DIVISION 2"]
[Site "SchemingMind.com"]
[Date "2008.07.13"]
[Round "-"]
[White "palomo"]
[Black "mochiron"]
[Result "1-0"]
[WhiteCountry "ARG"]
[BlackCountry "JPN"]
[WhiteElo "1557"]
[WhiteRD "92"]
[BlackElo "1414"]
[BlackRD "89"]
[GameID "163267"]

1. e4 c5 2. Nf3 Nc6 3. d4 e6 4. Nc3 cxd4 5. Nxd4 Bb4 6. Nb5 Bxc3+ 7. Nxc3 Nf6 8. Be3 O-O 9. Be2 a6 10. O-O e5
11. a4 d6 12. h3 Nd4 13. Bxd4 exd4 14. Qxd4 h6 15. Ra3 Bxh3 16. gxh3 Nh7 17. Nd5 Qg5+ 18. Rg3 Qe5 19. Qxe5 dxe5 20. Bc4 Rae8=
21. Kh2 Ng5= 22. f3 Kh7 23. h4 Ne6 24. Rfg1 g6 25. Nf6+ Kh8 26. Nxe8 Rxe8 27. Bxe6 Rxe6 28. Rd1
1-0

[Event "Players CUP 2008 <1600 DIVISION 2"]
[Site "SchemingMind.com"]
[Date "2008.07.18"]
[Round "-"]
[White "alvaro"]
[Black "mochiron"]
[Result "1-0"]
[WhiteCountry "URU"]
[BlackCountry "JPN"]
[WhiteElo "1818"]
[WhiteRD "117"]
[BlackElo "1471"]
[BlackRD "94"]
[GameID "163268"]

1. e4 c5 2. Nf3 Nc6 3. Bb5 d6 4. O-O e5 5. Nc3 Nf6 6. d3 Bd7 7. Nd5 Nxd5 8. exd5 Nd4 9. Bxd7+ Qxd7 10. c4 h6
11. Bd2 Be7 12. b4 Nxf3+ 13. Qxf3 cxb4 14. Bxb4 O-O 15. Bd2 f5 16. Qh3 Qe8 17. f4 e4 18. dxe4 Bf6 19. e5 dxe5 20. Rae1 e4
21. Bb4 Bd4+ 22. Kh1 Rf6 23. Rd1 Bb6 24. c5 a5 25. Bc3 e3 26. Rb1 e2 27. Rfe1 Rg6 28. cxb6 Rc8 29. Rb2 Rxc3 30. Qxc3 Qe4
31. Rbxe2 Qxd5 32. Qb3
1-0

[Event "Players CUP 2008 <1600 DIVISION 2"]
[Site "SchemingMind.com"]
[Date "2008.07.14"]
[Round "-"]
[White "Artur"]
[Black "mochiron"]
[Result "1-0"]
[WhiteCountry "POL"]
[BlackCountry "JPN"]
[WhiteElo "1843"]
[WhiteRD "99"]
[BlackElo "1459"]
[BlackRD "89"]
[GameID "163269"]

1. e4 c5 2. c3 Nc6 3. d4 e5 4. Nf3 cxd4 5. cxd4 Bb4+ 6. Nc3 Nf6 7. Qd3 Bxc3+ 8. bxc3 O-O 9. d5 Ne7 10. Nxe5 d6
11. Nf3 Bg4 12. Bg5 Bxf3 13. Bxf6 gxf6 14. Qxf3 Ng6 15. Qg3 Qa5 16. Be2 Kh8 17. O-O Rg8 18. Qxd6 Qxc3 19. Bg4 Rad8 20. Qg3 Qxg3
21. hxg3 Ne5 22. Bf5 Rd6 23. Rfc1 Nd3= 24. Rc7 Kg7 25. Rxb7 a5 26. Ra7 Kh6 27. Rxa5
1-0